| 000 | 00479nam a22001817a 4500 | ||
|---|---|---|---|
| 005 | 20170711150816.0 | ||
| 010 | _aENG-119151 | ||
| 020 |
_a9789382536765 _c180.00 |
||
| 035 | _aEN-102683 | ||
| 037 | _bDBAD/PUB | ||
| 082 | _aS | ||
| 100 | _aNitu | ||
| 245 |
_aHalf life / _cby nitu |
||
| 260 |
_aNew Delhi _bLifi Prakashans _c2017 |
||
| 270 |
_a211, 2nd Floor, Gagandeep 12, Rajendra Place _bNew Delhi _e110008 |
||
| 300 |
_axii,124p. _c20cm(pbk) |
||
| 942 |
_2ddc _cEN _hS _mNIT |
||
| 999 |
_c142434 _d142434 |
||